00760nam a2200181 a 450000100100000000500170001000800410002704000250006810000260009324500660011926000470018530000350023250400270026704900090029495201050030395201530040899900170056100002767920200930031018.0110404s19uu dr c 000 0 spa d aDO-SdBNPbspacBNPHU1 aRivera, Papito92949613aEl guerrillero general Demetrio Rodríguez /cPapito Rivera. a[Santo Domingo] :bEditora Nival,c[196?]. a67 p. :bil., retrs. ;c21 cm. aBibliografía : p. 67 aBNPD 0010718PDaPDbPDcCTd2011-04-04iLF1l0o p27679-10r2020-06-25w2020-06-25yLFPDZNo se presta 00102ddc51708PDaBNPHUbBNPHUcCTd2024-07-12edonaciónl0oBNPHU PD R621p2024-4399r2024-07-12te.2w2024-07-12yLBS1zEmilio Cordero Michel c27171d27171